00382nam a2200169Ia 4500008004100000020001800041050001400059100001600073245001800089245001900107260001500126260001600141260000900157300001600166300002000182300001000202170918s9999 xx 000 0 und d a9780590032490 bD131 1983 aDahl, Roald 4aThe witches / cby Roald Dahl. aNew York : bScholastic, c1983 a206 pages : billustrations ; c19cm.